Financovanie klastrovej politiky vo Švajčiarsku
Vo Švajčiarsku, rovnako ako takmer vo všetkých ostatných európskych krajinách, existencia a podpora klastrov nadobúda osobitný význam. Iniciácia klastrovej stratégie je často spojená s nádejou na vytvorenie alebo udržanie kvalifikovaných pracovných miest a zvýšenie schopnosti regiónov podporiť inova...
Salvato in:
| Autore principale: | |
|---|---|
| Altri autori: | , |
| Natura: | Capitolo di libro |
| Lingua: | slovacco |
| Soggetti: | |
| Tags: |
Nessun Tag, puoi essere il primo ad aggiungerne!!
|
MARC
| LEADER | 00000nla a2200000 4500 | ||
|---|---|---|---|
| 001 | 0213261 | ||
| 005 | 20240502073542.2 | ||
| 041 | 0 | |a slo | |
| 044 | |a SK | ||
| 245 | 1 | 0 | |a Financovanie klastrovej politiky vo Švajčiarsku |c Emília Duľová Spišáková, Barbora Gontkovičová, Janka Majerníková |
| 520 | |a Vo Švajčiarsku, rovnako ako takmer vo všetkých ostatných európskych krajinách, existencia a podpora klastrov nadobúda osobitný význam. Iniciácia klastrovej stratégie je často spojená s nádejou na vytvorenie alebo udržanie kvalifikovaných pracovných miest a zvýšenie schopnosti regiónov podporiť inovačné aktivity a učenie sa za účelom dosiahnutia lepšej konkurencieschopnosti regiónov, najmä štrukturálne slabých regiónov. | ||
| 610 | 2 | 0 | |a agentúry |
| 610 | 2 | 0 | |a klaster |
| 610 | 2 | 0 | |a Švajčiarsko |
| 610 | 2 | 0 | |a rozvoj regionálny |
| 610 | 2 | 0 | |a programy rozvojové |
| 100 | 1 | |a Duľová Spišáková, Emília, 1983- | |
| 700 | 1 | |a Gontkovičová, Barbora, 1986- | |
| 700 | 1 | |a Majerníková, Janka | |